Score 0/7 Timer 02:00
0 Plays Today
Seven Duffs % Correct
Surly
85.5%
Tipsy
53.5%
Remorseful
42.9%
Queasy
31.7%
Sleazy
29.1%
Dizzy
24.5%
Edgy
19.3%
Remove Ads.
Support Sporcle.
Get the best of Sporcle when you Go Orange. This ad-free experience offers more features, more stats, and more fun while also helping to support Sporcle. Thank you for becoming a member.

You're not logged in!

Compare scores with friends on all Sporcle quizzes.
OR
Log In

Show Comments

Extras

Top Quizzes Today


Score Distribution

Your Account Isn't Verified!

In order to create a playlist on Sporcle, you need to verify the email address you used during registration. Go to your Sporcle Settings to finish the process.

Report this User

Report this user for behavior that violates our Community Guidelines.

Details: